Netflix Original Show by Description - Statistics

General Stats
  • This quiz has been taken 66 times
  • The average score is 7 of 15
Answer Stats
Description Answer % Correct
Hundreds of cash-strapped players accept a strange invitation to compete in children's games. Inside, a tempting prize awaits — with deadly high stakes. Squid Game
95%
When a young boy vanishes, a small town uncovers a mystery involving secret experiments, terrifying supernatural forces and one strange little girl. Stranger Things
89%
Eight thieves take hostages and lock themselves in the Royal Mint of Spain as a criminal mastermind manipulates the police to carry out his plan. Money Heist
66%
In a 1950s orphanage, a young girl reveals an astonishing talent for chess and begins an unlikely journey to stardom while grappling with addiction. The Queen's Gambit
64%
This drama follows the political rivalries and romance of Queen Elizabeth II's reign and the events that shaped the second half of the 20th century. The Crown
62%
After landing her dream job in Paris, Chicago marketing exec embraces her adventurous new life while juggling work, friends and romance. Emily in Paris
57%
The true story of Colombia's infamously violent and powerful drug cartels fuels this gritty gangster drama series Narcos
56%
On an island of haves and have-nots, teen John B enlists his three best friends to hunt for a legendary treasure linked to his father's disappearance. Outer Banks
52%
A zoo owner spirals out of control amid a cast of eccentric characters in this true murder-for-hire story from the underworld of big cat breeding. Tiger King
41%
Geralt of Rivia, a mutated monster-hunter for hire, journeys toward his destiny in a turbulent world where people often prove more wicked than beasts The Witcher
38%
Eight close-knit siblings look for love and happiness in London high society Bridgerton
31%
Gentleman thief Assane Diop sets out to avenge his father for an injustice inflicted by a wealthy family Lupin
26%
Teenage friends find their lives upended by the wonders and horrors of puberty in this edgy comedy. Big Mouth
18%
After crash-landing on an alien planet, the Robinson family fights against all odds to survive and escape. But they're surrounded by hidden dangers. Lost in Space
11%
Filmed over 13 years, this real-life thriller follows the unprecedented story of two men accused of a grisly crime they may not have committed. Making a Murderer
5%
No matching quizzes found
Score Distribution
Percent of People with Each Score
Percentile by Number Answered
Your Score History
You have not taken this quiz